[Event "ChessOrg Schachfestival 2024 Bad Wörishofen"]
[White "Kutschenko, Roland"]
[Black "Luciani, Carlo"]
[Site "Bad Woerishofen"]
[Round "8.6"]
[Annotator "wempe"]
[Result "0-1"]
[Date "2024.??.??"]
[WhiteElo "2024"]
[BlackElo "2162"]
[PlyCount "62"]
[GameId "2118793979662911"]
[EventDate "2024.03.15"]

1. e4 e5 2. Nf3 Nc6 3. Bc4 Bc5 4. d3 Nf6 5. Nc3 h6 6. h3 a6 7. a3 d6 8. O-O g5 9. Nxg5 hxg5 10. Bxg5 Rg8 11. h4 Bg4 12. Qd2 Be6 13. Kh1 Qe7 14. Bd5 O-O-O 15. Bxc6 bxc6 16. Ne2 Rxg5 17. Qxg5 Rg8 18. Qh6 Ng4 19. Qh5 Qd8 20. Kg1 Rh8 21. Qg5 f6 22. Qg7 d5 23. exd5 cxd5 24. g3 Rh6 25. d4 Bf8 26. Qxh6 Bxh6 27. dxe5 fxe5 28. Nc3 Bd2 29. Rad1 Bxc3 30. bxc3 Qf8 31. f4 Qc5+ 0-1

[Event "ChessOrg Schachfestival 2024 Bad Wörishofen"]
[White "Jahn, Peter"]
[Black "Heller, Achim"]
[Site "Bad Woerishofen"]
[Round "8.7"]
[Annotator "wempe"]
[Result "1/2-1/2"]
[Date "2024.??.??"]
[WhiteElo "2064"]
[BlackElo "2040"]
[PlyCount "33"]
[GameId "2118793979662912"]
[EventDate "2024.03.15"]

1. d4 d5 2. Nf3 Nf6 3. g3 e6 4. Bg2 Be7 5. O-O O-O 6. c4 c6 7. Nbd2 b6 8. Qc2 Bb7 9. e4 Na6 10. a3 c5 11. cxd5 exd5 12. exd5 Bxd5 13. dxc5 Nxc5 14. b4 Ne6 15. Bb2 Qc8 16. Qxc8 Raxc8 17. Rac1 1/2-1/2

[Event "ChessOrg Schachfestival 2024 Bad Wörishofen"]
[White "Geyer, Bernhard"]
[Black "Weinwurm, Wolfgang"]
[Site "Bad Woerishofen"]
[Round "8.8"]
[Annotator "wempe"]
[Result "1-0"]
[Date "2024.??.??"]
[WhiteElo "2119"]
[BlackElo "2016"]
[PlyCount "59"]
[GameId "2118793979662913"]
[EventDate "2024.03.15"]

1. d4 Nf6 2. Nf3 g6 3. Bf4 Bg7 4. h3 O-O 5. e3 d6 6. Be2 Nbd7 7. c4 Re8 8. Bh2 b6 9. Nc3 Bb7 10. Qc2 e5 11. O-O exd4 12. exd4 Ne4 13. Nd5 Ndf6 14. Ne3 Qe7 15. Qd3 Nd7 16. Rae1 f5 17. Bd1 Ndf6 18. b4 a5 19. b5 Qd7 20. a4 h6 21. Nh4 Kh7 22. f3 Ng5 23. d5 Qf7 24. Bc2 Nd7 25. Qd2 Qf6 26. Nhxf5 Bc8 27. Ng4 Qf8 28. Rxe8 Qxe8 29. Nxg7 Kxg7 30. Nxh6 1-0

[Event "ChessOrg Schachfestival 2024 Bad Wörishofen"]
[White "Kretschel, Klaus"]
[Black "Schatz, Christian"]
[Site "Bad Woerishofen"]
[Round "8.9"]
[Annotator "wempe"]
[Result "1/2-1/2"]
[Date "2024.??.??"]
[WhiteElo "2004"]
[BlackElo "2182"]
[PlyCount "58"]
[GameId "2118793979662914"]
[EventDate "2024.03.15"]

1. e4 c5 2. Nf3 Nc6 3. Bb5 g6 4. O-O Bg7 5. Re1 e5 6. c3 Nge7 7. d4 cxd4 8. cxd4 exd4 9. Bf4 d6 10. Nbd2 Be6 11. Ng5 O-O 12. Nxe6 fxe6 13. Qg4 Kh8 14. Bg5 Qd7 15. Bc4 Nd8 16. Nf3 Rc8 17. Bb3 Rc7 18. e5 d5 19. Bxe7 Qxe7 20. Nxd4 Qf7 21. Qe2 a6 22. g3 Nc6 23. Nxc6 Rxc6 24. Rac1 Rfc8 25. Rxc6 Rxc6 26. Bc2 Qc7 27. Bd3 Rc1 28. Rxc1 Qxc1+ 29. Kg2 Qc5 1/2-1/2

[Event "ChessOrg Schachfestival 2024 Bad Wörishofen"]
[White "Mueller, Erich"]
[Black "Daeubler, Heinrich"]
[Site "Bad Woerishofen"]
[Round "8.10"]
[Annotator "wempe"]
[Result "1/2-1/2"]
[Date "2024.??.??"]
[WhiteElo "2004"]
[BlackElo "2140"]
[PlyCount "32"]
[GameId "2118793979662915"]
[EventDate "2024.03.15"]

1. f4 Nf6 2. Nf3 c5 3. b3 g6 4. Bb2 Bg7 5. e3 b6 6. a4 Bb7 7. Be2 O-O 8. Na3 Nc6 9. O-O d6 10. Qe1 e5 11. fxe5 Ng4 12. Nc4 Ncxe5 13. Nfxe5 Nxe5 14. Nxe5 Bxe5 15. Bxe5 dxe5 16. Bf3 Bxf3 1/2-1/2

[Event "ChessOrg Schachfestival 2024 Bad Wörishofen"]
[White "Hinz, Holger"]
[Black "Rubke, Manfred"]
[Site "Bad Woerishofen"]
[Round "8.11"]
[Annotator "wempe"]
[Result "*"]
[Date "2024.??.??"]
[WhiteElo "2001"]
[BlackElo "2109"]
[PlyCount "22"]
[GameId "2114692144021648"]
[EventDate "2024.03.15"]

1. e4 d6 2. d4 Nf6 3. Nc3 Nbd7 4. Be3 c6 5. f4 Qa5 6. Bd3 e5 7. Nf3 exd4 8. Nxd4 g6 9. O-O Bg7 10. Nb3 Qc7 11. Qd2 O-O *

[Event "ChessOrg Schachfestival 2024 Bad Wörishofen"]
[White "Kierzek, Mira"]
[Black "Bohnstorff, Michael"]
[Site "Bad Woerishofen"]
[Round "8.12"]
[Annotator "wempe"]
[Result "1-0"]
[Date "2024.??.??"]
[WhiteElo "1977"]
[BlackElo "2043"]
[PlyCount "41"]
[GameId "2114693494587779"]
[EventDate "2024.03.15"]

1. d4 d5 2. c4 e6 3. Nf3 Nf6 4. e3 Be7 5. Bd3 O-O 6. O-O c5 7. cxd5 exd5 8. h3 Nc6 9. Nc3 h6 10. a3 c4 11. Bc2 a6 12. e4 Be6 13. e5 Nd7 14. Ne2 Re8 15. Nh2 g5 16. f4 gxf4 17. Nxf4 Bg5 18. Nxe6 fxe6 19. Qh5 Nf8 20. Ng4 Nxd4 21. Bxg5 1-0

[Event "ChessOrg Schachfestival 2024 Bad Wörishofen"]
[White "Kirby, Peter"]
[Black "Krueger, Norbert"]
[Site "Bad Woerishofen"]
[Round "8.13"]
[Annotator "wempe"]
[Result "1/2-1/2"]
[Date "2024.??.??"]
[WhiteElo "1980"]
[BlackElo "1993"]
[PlyCount "48"]
[GameId "2115053853663628"]
[EventDate "2024.03.15"]

1. d4 d5 2. c4 e6 3. Nc3 Nf6 4. cxd5 exd5 5. Bg5 Be7 6. e3 c6 7. Bd3 O-O 8. Nge2 Nbd7 9. O-O Re8 10. f3 Nf8 11. Bh4 Ng6 12. Bf2 a5 13. Qc2 b5 14. Ng3 Bd6 15. e4 dxe4 16. Ncxe4 Bb7 17. Nxd6 Qxd6 18. Ne4 Qd8 19. Nc5 Bc8 20. Rae1 Nd5 21. a3 Bd7 22. Be4 Be6 23. Bd3 Bd7 24. Rxe8+ Bxe8 1/2-1/2

[Event "ChessOrg Schachfestival 2024 Bad Wörishofen"]
[White "Stern, Geoffrey"]
[Black "Remensberger, Hansuli"]
[Site "Bad Woerishofen"]
[Round "8.14"]
[Annotator "wempe"]
[Result "1/2-1/2"]
[Date "2024.??.??"]
[WhiteElo "1950"]
[BlackElo "2024"]
[PlyCount "31"]
[GameId "2115054532604309"]
[EventDate "2024.03.15"]

1. d4 e6 2. Nc3 d5 3. Bf4 Bd6 4. Bxd6 Qxd6 5. e3 Nf6 6. Nf3 O-O 7. Be2 c5 8. dxc5 Qxc5 9. Qd4 Qe7 10. O-O-O Nc6 11. Qh4 a6 12. e4 Nxe4 13. Qxe7 Nxe7 14. Nxe4 dxe4 15. Ng5 b5 16. Nxe4 1/2-1/2

[Event "ChessOrg Schachfestival 2024 Bad Wörishofen"]
[White "Rick, Uwe"]
[Black "Stern, Robert"]
[Site "Bad Woerishofen"]
[Round "8.15"]
[Annotator "wempe"]
[Result "1/2-1/2"]
[Date "2024.??.??"]
[WhiteElo "2021"]
[BlackElo "1962"]
[PlyCount "120"]
[GameId "2115054885360042"]
[EventDate "2024.03.15"]

1. d4 d5 2. c4 dxc4 3. Nf3 Nf6 4. e3 Bg4 5. Bxc4 e6 6. Nc3 Nc6 7. Be2 a6 8. h3 Bh5 9. O-O Bd6 10. a3 O-O 11. b4 Nd5 12. Bb2 Nxc3 13. Bxc3 Bg6 14. Qb3 Qe7 15. Ne5 Bxe5 16. dxe5 Rfd8 17. Bf3 Rd3 18. Rfd1 Nxe5 19. Bxb7 Rxd1+ 20. Rxd1 Ra7 21. Bxe5 Rxb7 22. Qc3 f6 23. Bg3 Be8 24. Rc1 c6 25. Qc4 Ra7 26. f3 a5 27. Be1 a4 28. e4 Kh8 29. Bf2 Ra8 30. Rd1 e5 31. Bc5 Qf7 32. Qe2 h6 33. Rd3 Kh7 34. Qd1 Qb7 35. Kh2 Kg6 36. f4 exf4 37. Qg4+ Kh7 38. Qxf4 Bg6 39. Qg4 Qc8 40. Rd7 Qe8 41. Re7 Qc8 42. Qg3 Qb8 43. Rc7 Qe8 44. Be7 Rc8 45. Bxf6 Rxc7 46. Qxc7 Qf7 47. Qxf7 Bxf7 48. Bd4 Bg6 49. e5 Bf5 50. Kg3 g5 51. h4 Kg6 52. hxg5 Kxg5 53. Be3+ Kg6 54. Bf4 h5 55. Kf3 Kf7 56. Ke3 Ke6 57. Kd4 Bg6 58. g3 Bc2 59. Bg5 Bd1 60. Bf6 Be2 1/2-1/2

[Event "ChessOrg Schachfestival 2024 Bad Wörishofen"]
[White "Wuest, Klaus"]
[Black "Remensberger, Paul"]
[Site "Bad Woerishofen"]
[Round "8.16"]
[Annotator "wempe"]
[Result "1/2-1/2"]
[Date "2024.??.??"]
[WhiteElo "1937"]
[BlackElo "2019"]
[PlyCount "29"]
[GameId "2115063573213619"]
[EventDate "2024.03.15"]

1. e4 e6 2. d4 d5 3. Nc3 Nf6 4. Bg5 dxe4 5. Nxe4 Be7 6. Nxf6+ Bxf6 7. Bxf6 Qxf6 8. c3 O-O 9. Qf3 Nd7 10. Bc4 Rd8 11. Rd1 Rb8 12. Qxf6 Nxf6 13. Nf3 b5 14. Be2 Bb7 15. O-O 1/2-1/2

[Event "ChessOrg Schachfestival 2024 Bad Wörishofen"]
[White "Ernst, Michael"]
[Black "Gass, Ulrich"]
[Site "Bad Woerishofen"]
[Round "8.17"]
[Annotator "wempe"]
[Result "1-0"]
[Date "2024.??.??"]
[WhiteElo "2100"]
[BlackElo "1941"]
[PlyCount "101"]
[GameId "2115063895904700"]
[EventDate "2024.03.15"]

1. d4 c5 2. c3 g6 3. e4 Bg7 4. Nf3 Qb6 5. Qb3 Qxb3 6. axb3 cxd4 7. Nxd4 Nc6 8. Nb5 Be5 9. Be3 Nf6 10. Nd2 d5 11. f4 Bb8 12. e5 Ng4 13. Bc5 g5 14. g3 gxf4 15. gxf4 f6 16. h3 Nh6 17. exf6 Bxf4 18. fxe7 Bg3+ 19. Kd1 Nf5 20. Bg2 Nfxe7 21. Rg1 Rg8 22. Rf1 Be6 23. Nf3 a6 24. Nfd4 Kd7 25. Nxe6 axb5 26. Rxa8 Rxa8 27. Nf8+ Kc7 28. Nxh7 Bd6 29. Bxd6+ Kxd6 30. Kc2 b4 31. Kb1 Na5 32. Kc2 Nac6 33. Kb1 Na5 34. Nf6 Nxb3 35. Kc2 Na1+ 36. Kd3 b3 37. h4 Ra2 38. Bf3 Ng6 39. Bxd5 Nxh4 40. Bxb7 Nc2 41. Rb1 Ng6 42. Ne4+ Kc7 43. Bd5 Nf4+ 44. Kc4 Na1 45. Nc5 Nxd5 46. Kxd5 Ra5 47. Kc4 Kc6 48. Ne6 Ra4+ 49. Kd3 Kb5 50. Nd4+ Kc5 51. Rxa1 1-0

[Event "ChessOrg Schachfestival 2024 Bad Wörishofen"]
[White "Walther, Reinhard"]
[Black "Neumann, Joachim"]
[Site "Bad Woerishofen"]
[Round "8.18"]
[Annotator "wempe"]
[Result "1/2-1/2"]
[Date "2024.??.??"]
[WhiteElo "1999"]
[BlackElo "2062"]
[PlyCount "36"]
[GameId "2115064441921989"]
[EventDate "2024.03.15"]

1. d4 Nf6 2. Bg5 d5 3. e3 c5 4. Bxf6 gxf6 5. Nc3 e6 6. Qh5 cxd4 7. exd4 Nc6 8. Bb5 Bd7 9. Nf3 Nb4 10. O-O Bxb5 11. Nxb5 Qd7 12. Na3 Bg7 13. Ne1 f5 14. c3 Nc6 15. Nd3 b6 16. f4 O-O-O 17. Ne5 Bxe5 18. dxe5 Qe7 1/2-1/2

[Event "ChessOrg Schachfestival 2024 Bad Wörishofen"]
[White "Fiedler, Wolfgang"]
[Black "Bachmann, Rolf"]
[Site "Bad Woerishofen"]
[Round "8.19"]
[Annotator "wempe"]
[Result "1/2-1/2"]
[Date "2024.??.??"]
[WhiteElo "1979"]
[BlackElo "1917"]
[PlyCount "111"]
[GameId "2118793979662924"]
[EventDate "2024.03.15"]

1. f4 d5 2. Nf3 Nf6 3. d4 e6 4. e3 c5 5. c3 Nc6 6. Bd3 c4 7. Bc2 b5 8. b3 a5 9. a4 cxb3 10. Bxb3 b4 11. O-O Ba6 12. Re1 Ne4 13. Qc2 bxc3 14. Ba3 Nb4 15. Qd1 Rb8 16. Ne5 Qc7 17. Bc2 Nxc2 18. Qxc2 Bb4 19. Rc1 f6 20. Nf3 Kf7 21. Bxb4 axb4 22. Nbd2 Nxd2 23. Nxd2 Bc4 24. Nb3 Bxb3 25. Qxb3 Qc4 26. Rab1 Rhc8 27. Kf2 Qa6 28. Rc2 Qa5 29. Re1 f5 30. Ra1 Ra8 31. Ke1 Rcb8 32. Kf2 Qa6 33. g3 Qc4 34. Rb1 Ke7 35. Ra2 Kd6 36. a5 Rb5 37. a6 Qxb3 38. Rxb3 Kc6 39. Ke2 Kb6 40. Ra4 Rxa6 41. Raxb4 Rxb4 42. Rxb4+ Kc6 43. Kd3 Ra2 44. Rb3 Rxh2 45. Rxc3+ Kd7 46. Ra3 Ke7 47. Ra1 Rg2 48. Rh1 h6 49. Rh3 Kf6 50. Kc3 Kg6 51. Kd3 h5 52. Kc3 Kh6 53. Kd3 g5 54. fxg5+ Kxg5 55. Kc3 Ra2 56. Kd3 1/2-1/2

[Event "ChessOrg Schachfestival 2024 Bad Wörishofen"]
[White "Bhend, Edwin"]
[Black "Heid, Michael"]
[Site "Bad Woerishofen"]
[Round "8.20"]
[Annotator "wempe"]
[Result "1/2-1/2"]
[Date "2024.??.??"]
[WhiteElo "2113"]
[BlackElo "1944"]
[PlyCount "39"]
[GameId "2115069157396959"]
[EventDate "2024.03.15"]

1. Nf3 Nf6 2. e3 d5 3. b3 Bg4 4. Bb2 c5 5. h3 Bh5 6. Be2 Nc6 7. d3 Bxf3 8. Bxf3 e5 9. Nd2 Qa5 10. O-O Rd8 11. Qc1 Be7 12. a3 O-O 13. c3 Rc8 14. Qb1 Rfd8 15. Rd1 b5 16. Be2 Bd6 17. Rc1 Re8 18. b4 Qb6 19. Bf3 h6 20. bxc5 1/2-1/2

[Event "ChessOrg Schachfestival 2024 Bad Wörishofen"]
[White "Van Amerongen-Jansen, Peggy"]
[Black "Oberhofer, Max"]
[Site "Bad Woerishofen"]
[Round "8.21"]
[Annotator "wempe"]
[Result "1/2-1/2"]
[Date "2024.??.??"]
[WhiteElo "1938"]
[BlackElo "2084"]
[PlyCount "62"]
[GameId "2115072116535828"]
[EventDate "2024.03.15"]

1. e4 Nf6 2. e5 Nd5 3. d4 d6 4. c4 Nb6 5. exd6 cxd6 6. Nf3 Bg4 7. h3 Bh5 8. Nc3 e6 9. Be3 Be7 10. Be2 O-O 11. g4 Bg6 12. h4 d5 13. c5 Nc4 14. Bxc4 dxc4 15. h5 Bd3 16. Ne5 Nc6 17. Nxd3 cxd3 18. Qxd3 Bxc5 19. O-O-O Be7 20. Kb1 Nb4 21. Qe4 Nd5 22. Nxd5 Qxd5 23. Qxd5 exd5 24. Rc1 Rac8 25. Rxc8 Rxc8 26. Rc1 Rxc1+ 27. Kxc1 Bd6 28. a4 f5 29. f3 f4 30. Bf2 Be7 31. Kc2 Kf7 1/2-1/2

[Event "ChessOrg Schachfestival 2024 Bad Wörishofen"]
[White "Neese, Hans-Joachim"]
[Black "McAndrew, Robert"]
[Site "Bad Woerishofen"]
[Round "8.22"]
[Annotator "wempe"]
[Result "1/2-1/2"]
[Date "2024.??.??"]
[WhiteElo "2042"]
[BlackElo "1935"]
[PlyCount "62"]
[GameId "2115073481065590"]
[EventDate "2024.03.15"]

1. d4 Nf6 2. Nf3 g6 3. c4 Bg7 4. Bf4 c5 5. Nc3 cxd4 6. Nxd4 O-O 7. e3 d6 8. Nb3 Nc6 9. Be2 Bf5 10. O-O Ne4 11. Nxe4 Bxe4 12. Qd2 Ne5 13. f3 Bc6 14. Rac1 b6 15. Rfd1 Bb7 16. Bg3 Nc6 17. Bf2 Qc7 18. Nd4 Nxd4 19. exd4 e6 20. b4 Qe7 21. c5 Rac8 22. Bb5 a6 23. Ba4 b5 24. Bb3 Rfd8 25. Qe2 dxc5 26. dxc5 Rxd1+ 27. Rxd1 Rd8 28. Rd3 Rxd3 29. Qxd3 Bc6 30. h3 Qd7 31. Qe3 h5 1/2-1/2

[Event "ChessOrg Schachfestival 2024 Bad Wörishofen"]
[White "Marshall, Michael"]
[Black "Fischer, Johann"]
[Site "Bad Woerishofen"]
[Round "8.23"]
[Annotator "wempe"]
[Result "0-1"]
[Date "2024.??.??"]
[WhiteElo "1874"]
[BlackElo "1733"]
[PlyCount "81"]
[GameId "2115075044517515"]
[EventDate "2024.03.15"]

1. d4 d5 2. Bf4 c6 3. e3 Nf6 4. Bd3 e6 5. c3 Bd6 6. Bxd6 Qxd6 7. Nd2 O-O 8. Ngf3 Nbd7 9. O-O Re8 10. Re1 e5 11. e4 exd4 12. e5 Nxe5 13. Nxe5 Rxe5 14. Rxe5 Qxe5 15. Nf3 Qh5 16. cxd4 Bg4 17. Be2 Re8 18. h3 Bxf3 19. Bxf3 Qh4 20. Rc1 Ne4 21. Rc2 Ng5 22. b4 Nxf3+ 23. Qxf3 Qxd4 24. a3 Re1+ 25. Kh2 Qe5+ 26. g3 Qe4 27. Qxe4 Rxe4 28. b5 Rc4 29. Re2 Kf8 30. bxc6 bxc6 31. Rb2 Ra4 32. Rc2 Ra6 33. Kg2 Ke7 34. Kf1 Kd6 35. Rc3 d4 36. Rf3 f6 37. g4 c5 38. h4 c4 39. g5 Ke5 40. gxf6 Rxf6 41. Rg3 0-1

[Event "ChessOrg Schachfestival 2024 Bad Wörishofen"]
[White "Christoffersen, Odd"]
[Black "Steinhart, Matthias"]
[Site "Bad Woerishofen"]
[Round "8.24"]
[Annotator "wempe"]
[Result "*"]
[Date "2024.??.??"]
[WhiteElo "1701"]
[BlackElo "1768"]
[PlyCount "71"]
[GameId "2115077567899297"]
[EventDate "2024.03.15"]

1. e4 e5 2. Nc3 Nc6 3. g3 Nf6 4. Bg2 Bc5 5. h3 O-O 6. d3 h6 7. Nf3 d6 8. Na4 Bb6 9. Nxb6 axb6 10. O-O Be6 11. c4 Qd7 12. Kh2 Nd4 13. Nxd4 exd4 14. f4 Qc8 15. Qf3 Rb8 16. f5 Bd7 17. g4 Nh7 18. h4 f6 19. Bf4 b5 20. Qf2 bxc4 21. dxc4 b5 22. Qxd4 Kh8 23. Rfc1 bxc4 24. Rxc4 Qb7 25. Rac1 Qxb2 26. Qxb2 Rxb2 27. Rxc7 Ba4 28. Ra7 Rxa2 29. Rcc7 Rg8 30. Bxh6 Bb3 31. Rab7 Bc2 32. Kg3 Ra3+ 33. Kf4 Bd1 34. Bxg7+ Rxg7 35. Rxg7 Nf8 36. Rgf7 *

[Event "ChessOrg Schachfestival 2024 Bad Wörishofen"]
[White "Hilbenz, Guntram"]
[Black "Heilinger, Dietmar"]
[Site "Bad Woerishofen"]
[Round "8.25"]
[Annotator "wempe"]
[Result "1/2-1/2"]
[Date "2024.??.??"]
[WhiteElo "1871"]
[BlackElo "2018"]
[PlyCount "67"]
[GameId "2115078105667246"]
[EventDate "2024.03.15"]

1. c4 Nf6 2. Nf3 e6 3. g3 d5 4. Bg2 Nbd7 5. O-O c6 6. b3 Be7 7. Bb2 O-O 8. d3 Qc7 9. Nc3 a5 10. e4 dxe4 11. dxe4 e5 12. Qe2 Re8 13. Bh3 Bf8 14. Rac1 Nc5 15. Bxc8 Qxc8 16. Kg2 Qc7 17. Rfd1 a4 18. Qc2 axb3 19. axb3 Qb6 20. Nd2 Red8 21. Na4 Rxa4 22. bxa4 Nd3 23. Nb3 Nxc1 24. Rxd8 Qxd8 25. Bxc1 Nd7 26. Qd3 Qe7 27. Be3 b6 28. c5 Nxc5 29. Nxc5 bxc5 30. Qc4 Qa7 31. Bd2 Be7 32. a5 Bd8 33. a6 Bb6 34. Be3 1/2-1/2

[Event "ChessOrg Schachfestival 2024 Bad Wörishofen"]
[White "Zwick, Hubert"]
[Black "Halli, Gerhard"]
[Site "Bad Woerishofen"]
[Round "8.26"]
[Annotator "wempe"]
[Result "1/2-1/2"]
[Date "2024.??.??"]
[WhiteElo "2003"]
[BlackElo "1928"]
[PlyCount "33"]
[GameId "2115079296599740"]
[EventDate "2024.03.15"]

1. d4 d5 2. Nf3 Nf6 3. g3 Bf5 4. Bg2 e6 5. O-O Nbd7 6. c4 c6 7. Nc3 Bd6 8. Re1 O-O 9. Nh4 Bg6 10. Nxg6 hxg6 11. e4 Nxe4 12. Nxe4 dxe4 13. Bxe4 Nf6 14. Bf3 Re8 15. Be3 a5 16. Qc2 Qb8 17. Rad1 1/2-1/2

[Event "ChessOrg Schachfestival 2024 Bad Wörishofen"]
[White "Schmieder, Siegfried"]
[Black "Heppell, Ian"]
[Site "Bad Woerishofen"]
[Round "8.27"]
[Annotator "wempe"]
[Result "1-0"]
[Date "2024.??.??"]
[WhiteElo "1892"]
[BlackElo "1944"]
[PlyCount "57"]
[GameId "2115079325415109"]
[EventDate "2024.03.15"]

1. e4 e5 2. f4 d5 3. exd5 c6 4. dxc6 Nxc6 5. Nc3 exf4 6. Nf3 Bg4 7. Bb5 a6 8. Ba4 b5 9. Qe2+ Be7 10. Qe4 Rc8 11. Bb3 Nf6 12. Qxf4 Qb6 13. Nd5 Nxd5 14. Qxg4 Rd8 15. Qxg7 Bf6 16. Qg4 Kf8 17. d4 h5 18. Qf5 Nxd4 19. Nxd4 Qxd4 20. Qd3 Qe4+ 21. Qe2 Qd4 22. Qd3 Qxd3 23. cxd3 Nb4 24. O-O Kg7 25. Bd2 Nxd3 26. Rxf6 Kxf6 27. Bc3+ Kg6 28. Bxh8 Rxh8 29. Bc2 1-0

[Event "ChessOrg Schachfestival 2024 Bad Wörishofen"]
[White "Gerl, Hans"]
[Black "Lechner, Otto"]
[Site "Bad Woerishofen"]
[Round "8.28"]
[Annotator "wempe"]
[Result "0-1"]
[Date "2024.??.??"]
[WhiteElo "1965"]
[BlackElo "1913"]
[PlyCount "46"]
[GameId "2115079772817103"]
[EventDate "2024.03.15"]

1. d4 d5 2. c4 c6 3. Qb3 dxc4 4. Qxc4 Nf6 5. Nf3 b5 6. Qc2 Bb7 7. e4 e6 8. Bg5 Be7 9. Bd3 h6 10. Bh4 Nbd7 11. Nbd2 Rc8 12. Qb1 a6 13. O-O c5 14. e5 Nd5 15. Bxe7 Qxe7 16. Ne4 O-O 17. Nd6 Rb8 18. a4 cxd4 19. axb5 Nxe5 20. Nxb7 Nxf3+ 21. gxf3 Nf4 22. Kh1 Qxb7 23. Be4 Qxb5 0-1

[Event "ChessOrg Schachfestival 2024 Bad Wörishofen"]
[White "Diotallevi, Maurizio"]
[Black "James, Kevin"]
[Site "Bad Woerishofen"]
[Round "8.29"]
[Annotator "wempe"]
[Result "1-0"]
[Date "2024.??.??"]
[WhiteElo "1959"]
[BlackElo "1892"]
[PlyCount "57"]
[GameId "2115080537491171"]
[EventDate "2024.03.15"]

1. Nf3 g6 2. e4 Bg7 3. d4 d6 4. Nc3 Nd7 5. Be3 e5 6. Qd2 Ngf6 7. Bh6 O-O 8. Bxg7 Kxg7 9. O-O-O Re8 10. dxe5 Nxe5 11. Nxe5 Rxe5 12. f4 Nxe4 13. Qe3 Re6 14. Nxe4 Qe7 15. Qd4+ f6 16. Ng5 Re3 17. Nf3 Bg4 18. Ne5 dxe5 19. Qxe3 Bxd1 20. Kxd1 Qd6+ 21. Qd3 Qe7 22. Qe3 Qd6+ 23. Kc1 exf4 24. Qf2 Rd8 25. Bd3 a6 26. h4 Qe5 27. Re1 Qd6 28. Re4 g5 29. Qe2 1-0

[Event "ChessOrg Schachfestival 2024 Bad Wörishofen"]
[White "Wild, Helmut"]
[Black "Leser, Alfred"]
[Site "Bad Woerishofen"]
[Round "8.30"]
[Annotator "wempe"]
[Result "1-0"]
[Date "2024.??.??"]
[WhiteElo "1953"]
[BlackElo "1825"]
[PlyCount "57"]
[GameId "2115081405859574"]
[EventDate "2024.03.15"]

1. c4 Nf6 2. Nc3 e6 3. e4 d5 4. e5 d4 5. exf6 dxc3 6. bxc3 Qxf6 7. d4 b6 8. Nf3 h6 9. Ne5 Bd6 10. f4 O-O 11. Qf3 c6 12. Bd3 Bb7 13. O-O Qe7 14. Be4 Qc7 15. Qg3 Nd7 16. Ng4 f5 17. Nxh6+ Kh7 18. Nxf5 exf5 19. Bxf5+ Kg8 20. Be6+ Rf7 21. Qg6 Nf8 22. Bxf7+ Qxf7 23. Qxd6 Qxc4 24. Qb4 Qe2 25. Qb3+ Kh8 26. Qd1 Qc4 27. Rf3 c5 28. Rh3+ Kg8 29. Qb3 1-0

[Event "ChessOrg Schachfestival 2024 Bad Wörishofen"]
[White "Larem, Ewald"]
[Black "Lange, Manfred"]
[Site "Bad Woerishofen"]
[Round "8.31"]
[Annotator "wempe"]
[Result "1-0"]
[Date "2024.??.??"]
[WhiteElo "1977"]
[BlackElo "2036"]
[PlyCount "85"]
[GameId "2115085517350655"]
[EventDate "2024.03.15"]

1. d4 Nf6 2. c4 e6 3. Nc3 c5 4. d5 exd5 5. cxd5 d6 6. e4 g6 7. f4 Bg7 8. Bb5+ Bd7 9. e5 dxe5 10. fxe5 Nh5 11. Nf3 Qa5 12. Bxd7+ Nxd7 13. g4 Nxe5 14. gxh5 O-O-O 15. O-O Rhe8 16. h6 Nxf3+ 17. Qxf3 Bd4+ 18. Kh1 f5 19. Bg5 Rd7 20. Rae1 Rf8 21. Re7 Bxc3 22. Rxd7 Kxd7 23. Qxc3 Qxc3 24. bxc3 Re8 25. Kg2 Kd6 26. Kf3 Kxd5 27. Rd1+ Kc6 28. Bf4 Re7 29. Rd8 Rd7 30. Rg8 Rd3+ 31. Be3 Rxc3 32. Rxg6+ Kd5 33. Rg7 Ke5 34. Re7+ Kf6 35. Rxh7 f4 36. Kxf4 Kg6 37. Rh8 Rc2 38. Kg3 b6 39. Rg8+ Kh7 40. Rg7+ Kh8 41. Rxa7 Rc3 42. Kf3 Rc2 43. Bf4 1-0

[Event "ChessOrg Schachfestival 2024 Bad Wörishofen"]
[White "Rauch, Uwe"]
[Black "Vonach, Bernhard"]
[Site "Bad Woerishofen"]
[Round "8.32"]
[Annotator "wempe"]
[Result "1-0"]
[Date "2024.??.??"]
[WhiteElo "2083"]
[BlackElo "1881"]
[PlyCount "79"]
[GameId "2115087143495438"]
[EventDate "2024.03.15"]

1. e4 e5 2. Nf3 Nc6 3. Bc4 Nf6 4. d3 Be7 5. a4 d6 6. c3 a5 7. Nbd2 O-O 8. O-O b6 9. Re1 Ba6 10. Bxa6 Rxa6 11. Nc4 Nd7 12. d4 Bf6 13. Qd3 Ra8 14. Ne3 g6 15. Nd5 Bg7 16. Qc4 Ndb8 17. Bg5 Qd7 18. dxe5 dxe5 19. Bh6 Qd6 20. Bg5 Kh8 21. Rad1 Qe6 22. Bh4 h6 23. Qe2 Na6 24. Rd2 g5 25. Bg3 Rfc8 26. h4 g4 27. Nh2 h5 28. Nf1 Nc5 29. f4 Nxa4 30. f5 Qe8 31. f6 Bh6 32. Nfe3 Nc5 33. Nf5 Qf8 34. Rdd1 Ne6 35. Nde7 Ncd8 36. Bxe5 Nf4 37. Qf1 Nde6 38. Nxh6 Qxh6 39. Nf5 Qf8 40. Bxf4 1-0

[Event "ChessOrg Schachfestival 2024 Bad Wörishofen"]
[White "Kolas, Matija"]
[Black "Nordby, Bernt"]
[Site "Bad Woerishofen"]
[Round "8.34"]
[Annotator "wempe"]
[Result "0-1"]
[Date "2024.??.??"]
[WhiteElo "1872"]
[BlackElo "1971"]
[PlyCount "92"]
[GameId "2115091303855955"]
[EventDate "2024.03.15"]

1. d4 Nf6 2. e3 g6 3. f4 Bg7 4. Nf3 O-O 5. c3 d6 6. Bc4 d5 7. Bd3 b6 8. Nbd2 Ba6 9. Bxa6 Nxa6 10. Qe2 Qc8 11. O-O c5 12. Ne5 Nc7 13. Nc6 Qe8 14. Ne5 Nb5 15. Nd3 Rc8 16. Ne5 Nd6 17. Qf3 c4 18. Qh3 b5 19. a3 a5 20. Ndf3 e6 21. Bd2 Nfe4 22. Be1 f6 23. Ng4 Nf5 24. Nd2 Rb8 25. Nxe4 dxe4 26. Nf2 Qc6 27. g4 Ne7 28. Qg2 f5 29. Bd2 Nd5 30. Nh3 Bf6 31. Qg3 b4 32. gxf5 exf5 33. axb4 axb4 34. Ra7 bxc3 35. bxc3 Ra8 36. Rfa1 Rxa7 37. Rxa7 Ra8 38. Rxa8+ Qxa8 39. Qe1 Qa2 40. Qc1 Be7 41. Kf1 Ba3 42. Qe1 Qc2 43. Qe2 Qd3 44. Qxd3 exd3 45. Ng1 Bb2 46. Nf3 Bxc3 0-1

[Event "ChessOrg Schachfestival 2024 Bad Wörishofen"]
[White "Barten, Ralf"]
[Black "Hager, Eberhard"]
[Site "Bad Woerishofen"]
[Round "8.35"]
[Annotator "wempe"]
[Result "1-0"]
[Date "2024.??.??"]
[WhiteElo "1963"]
[BlackElo "1863"]
[PlyCount "63"]
[GameId "2115097817565020"]
[EventDate "2024.03.15"]

1. Nf3 Nf6 2. c4 e6 3. g3 d5 4. d4 dxc4 5. Qa4+ Bd7 6. Qxc4 Nc6 7. Bg2 Bb4+ 8. Nc3 O-O 9. O-O a6 10. Rd1 Qe7 11. Ne5 Na5 12. Qd3 Bc6 13. Nxc6 Nxc6 14. a3 Ba5 15. Qc4 Qd7 16. Bg5 Ne8 17. Bxc6 bxc6 18. Na4 f6 19. Bd2 Bxd2 20. Rxd2 Qd5 21. Rc1 Qa5 22. Rdc2 Rd8 23. Nc5 Nd6 24. Qxa6 Qxa6 25. Nxa6 Nf5 26. e3 e5 27. dxe5 fxe5 28. Nxc7 Rd7 29. Ne6 Rf6 30. Nc5 Rdf7 31. Ne4 Rg6 32. Rxc6 1-0